NBA Players by Picture - Senegal - Statistics

General Stats
  • This quiz has been taken 14 times
  • The average score is 2 of 13
Answer Stats
Picture Answer % Correct
Tacko Fall
93%
Gorgui Dieng
29%
Mouhamed Gueye
29%
Boniface N'Dong
0%
Cheikh Samb
0%
DeSagana Diop
0%
Hamady N'Diaye
0%
Ibou Badji
0%
Makhtar N'Diaye
0%
Mamadou N'Diaye
0%
Maurice Ndour
0%
Pape Sow
0%
Saer Sene
0%
No matching quizzes found
Score Distribution
Percent of People with Each Score
Percentile by Number Answered
Your Score History
You have not taken this quiz